Responses for Show #3809 - Thursday, March 8, 2001

Rick Knutsen game 3.

Contestants

[<< previous game]

Pamela Meneley, a production assistant from San Diego, California

Cecil Chang, a physician from Lafayette, California

Rick Knutsen, a musician from Brooklyn, New York (whose 2-day cash winnings total $23,400)

[next game >>]

Jeopardy! Round responses

HISTORIC COUPLES
CLASSIC SITCOM EPISODES
ROCKS & MINERALS
LET'S GET DOWN TO BUSINESS
SYRUPTITIOUS
WHAT THE "H" IS IT?
    $100 10
William Shakespeare

Rick
    $100 1
I Love Lucy

Pamela
    $100 15
Diamond

Rick
    $100 18
Microsoft

Rick
    $100 26
Molasses

Rick
    $100 6
Horseshoes

Cecil
    $200 11
Henry VIII

Cecil
    $200 2
Leave it to Beaver

Rick
    $200 17
(C: What is marble?)

Alabaster

Cecil
Triple Stumper
    $200 19
Ben & Jerry's

Rick
    $200 27
(Rick: Who is Aunt Jemima?)

Mrs. Butterworth

RickCecil
    $200 7
Headhunter

Rick
    $300 12
Mary, Queen of Scots

Rick
    $300 3
The Andy Griffith Show

Rick
    $300 23
Garnet

Pamela
    $300 20
Sears

Rick
    $300 28
Quebec

Rick
    $300 8
Homestretch

Rick
    $400 13
Peter the Great

Rick
    $400 4
M*A*S*H

Rick
    $400 24
Granite

Rick
    $400 21
Delta Airlines

Cecil
    $400 29
Corn syrup

Pamela
    $400 9
Hibiscus

Pamela
    $500 14
(R: Who is Grover Cleveland?)

Warren G. Harding

RickPamela
    $500 5
Gilligan's Island

Rick
    $200 25
Green

Rick
    $500 22
Costco

Cecil
    $500 30
(Alex: It's fun to eat, isn't it, especially when it's really fresh & it gets all over your fingers & you get to lick them a lot!)

Baklava

Pamela
    $500 16
Harrisburg (Pennsylvania)

Rick

Scores at the first commercial break (after clue 16):

Rick Cecil Pamela
$2,800 $300 $1,000

Scores at the end of the Jeopardy! Round:

Rick Cecil Pamela
$4,200 $1,200 $2,200

Double Jeopardy! Round responses

EUROPEAN CAPITALS
BYE-BYE THREE RIVERS STADIUM
ENGLISH LIT
NOTABLES RHYME TIME
"PEP" BOYS
MANET, MONET OR JACQUES-LOUIS DAVID
    $200 1
London

Pamela
    $200 15
Cincinnati

Rick
    $200 6
Leg

Triple Stumper
    $200 19
Rod's gods

Rick
    $200 7
Pepe

Rick
    $200 26
Monet

Cecil
    $400 2
Berlin

Pamela
    $400 16
Pittsburgh Steelers

Rick
    $400 12
Samuel Taylor Coleridge

Rick
    $400 20
(R: What is Eddie's teddy?)

Eddie's teddies

RickCecil
    $400 8
George Peppard

Rick
    $400 27
(R: Who is Manet?)
(P: Who is Monet?)

Jacques -Louis David

RickCecilPamela
    $600 3
Copenhagen

Cecil
    $600 17
Sister Sledge

Rick
    $600 13
Edmund Spenser

Rick
    $600 21
(C: What is Norman's....sorry?)

Norman's Mormons

RickCecil
    $1,400 9
Pepin the Short

Rick
    $600 28
Manet

Triple Stumper
    $800 4
Sarajevo

Pamela
    $800 18
Forbes Field

Triple Stumper
    $800 14
Somerset Maugham

Cecil
    $800 22
Beau's nose

Rick
    $800 10
George Pepperdine

Rick
    $800 29
Monet

Cecil
    $1,000 5
(P: What is Budapest?)

Prague

Pamela
    $1000 24
Willie Stargell

Cecil
    $1000 25
Svengali

Rick
    $1000 23
Cleaver's weavers

Rick
    $1000 11
Samuel Pepys

Cecil
    $1000 30
Manet

Triple Stumper

Scores at the end of the Double Jeopardy! Round:

Rick Cecil Pamela
$12,000 $5,800 $2,200
(lock game)

[wagering suggestions for these scores]

Final Jeopardy! Round responses

U.S. HISTORY
PamelaWho was William Henry Harrison
$2,199
CecilWho is Lincoln?
$1,399
RickWho was Lincoln?
$100
Abraham Lincoln

Final scores:

Rick Cecil Pamela
$12,100 $7,199 $1
3-day champion: $35,500 2nd place: Trip to Switzerland 3rd place: Vocopro Karaoke Machine

Game dynamics:

Coryat scores:

Rick Cecil Pamela
$11,500 $5,800 $3,200
32 R
(including 2 DDs),
4 W
13 R,
2 W
9 R,
2 W
(including 1 DD)

Combined Coryat: $20,500

[game clues] [game scores] [suggest correction]

Game tape date: 2000-11-29
The J! Archive is created by fans, for fans. Scraping, republication, monetization, and malicious use prohibited; this site may use cookies and collect identifying information. See terms. The Jeopardy! game show and all elements thereof, including but not limited to copyright and trademark thereto, are the property of Jeopardy Productions, Inc. and are protected under law. This website is not affiliated with, sponsored by, or operated by Jeopardy Productions, Inc. Join the discussion at JBoard.tv.